| 000 | 00906nam a2200229 a 4500 | ||
|---|---|---|---|
| 001 | 80773 | ||
| 003 | BD-RjUL | ||
| 005 | 20221114153124.0 | ||
| 008 | 221114s2021 bg ||||| |||| 00| 0 ben d | ||
| 020 | _a9789843490025 | ||
| 035 | _a(BD-RjUL)80773 | ||
| 040 |
_aBD-RjUL _beng _cBD-RjUL |
||
| 041 | _aben | ||
| 082 |
_223 _a954.9205092 _bBAV 2021 |
||
| 245 |
_aবঙ্গবন্ধুর ভাষা ও সাংস্কৃতিক ভাবনা / _cএস এম আনোয়ারা (সম্পাদক) |
||
| 260 |
_aঢাকা : _bপ্রিয় বুক সেন্টার, _c২০২১ |
||
| 300 |
_a২৫৫ পৃ.; _c২২ সেমি. |
||
| 600 |
_aমুজিবুর রহমান, শেখ, _d১৯২০-১৯৭৫ |
||
| 600 |
_cMujibur Rahman, Sheikh, _d1920-1975 |
||
| 700 |
_aআনোয়ারা, এস এম _95840 |
||
| 942 |
_2ddc _cBK |
||
| 999 |
_c80773 _d80773 |
||